000 00549nam a22001937a 4500
003 OSt
008 260513b |||||||| |||| 00| 0 eng d
082 _a633.61
_bD81R
100 _aDubey, Brajeshwar.
245 _aRelative Contribution of Different Management Factors on the Yield and Quality of Sugarcane Ratoon /
_cby Brajeshwar Dubey
260 _a.- Pusa, Samastipur
_b: RAU
_c, 1991
300 _a115p.
502 _bM. Sc.
_d1991
650 _aAgronomy
650 _aSugarcane
650 _aThesis
650 _aM. Sc.
942 _2ddc
_cT
999 _c50570
_d50570